Internetový portál na organizovanie odborných konferencií bakalárska práca

Gespeichert in:
Bibliographische Detailangaben
1. Verfasser: Zehnálková, Gabriela
Körperschaft: Fakulta hospodárskej informatiky EU. Katedra operačného výskumu a ekonometrie
Weitere Verfasser: Feik, Michal
Format: Buch
Sprache:Slowakisch
Veröffentlicht: Bratislava 2010
Tags: Tag hinzufügen
Keine Tags, Fügen Sie das erste Tag hinzu!

MARC

LEADER 00000nbm a2200000 4500
001 0136242
005 20160428114441.9
041 0 |a slo 
044 |a SK 
245 1 0 |a Internetový portál na organizovanie odborných konferencií  |b bakalárska práca  |c Gabriela Zehnálková ; školiteľ: Michal Feik 
264 1 |a Bratislava  |c 2010 
300 |a 28 s. 
100 1 |a Zehnálková, Gabriela 
700 1 |a Feik, Michal 
710 2 |a Fakulta hospodárskej informatiky EU. Katedra operačného výskumu a ekonometrie